=LDR 00000nam 2200000 4500 =001 INLIS000000000809874 =005 20250827102957 =035 ##$$a 0010-0825000367 =007 ta =008 250827###########################0###### =020 ##$$a 979-3331-15-1 =082 ##$$a 400 =084 ##$$a 411 amo m =245 ##$$a Menulis Nggak Perlu Bakat /$c Among Kurnia Ebo =260 ##$:$b Jakarta : Mandar Utama tiga., 2011 =300 ##$$a 82 Hal =990 ##$$a 00000001570